00375nam a22001337a 4500003000400000008004100004020001800045100001000063245008400073260003800157300001000195650002500205700001100230OSt250227b |||||||| |||| 00| 0 eng d a9788197978586 aAjay  aExplorations in Computer Science: Diverse Perspective and Emerging Technology  aNew Delhi bNaples Indian c2024. a351p. aFaculty Publication  aRohit